000 00807cab a2200241 4500
001 WB2931-18
008 090401t1993 xxu||||| |||| 00| 0 eng d
035 _a(Sirsi) u5600
041 _aeng
100 _aSouth, G.
245 _aCity offices on the move again
260 _c1993
350 _a0
490 _aCSW - The Property Week
_v44(9) 26 August 1993, 6(1)
520 _aInterest has been show in a number of City and City fringe offices which have been on the market for some time, reflecting a rise in demand.
650 _aCITY FRINGE
650 _aCITY OF LONDON
650 _aPROPERTY-COMMERCIAL PROPERTY-OFFICE PROPERTY-OFFICE PROPERTY MARKET
650 _aOFFICE PROPERTY
690 _aPROPERTY-COMMERCIAL PROPERTY-COMMERCIAL PROPERTY MARKET
942 _n0
948 _c04/03/1997
999 _c3341
_d3341